Statistics for IGN Top 100 RPGs of All Time

Click here to take the quiz!

General Stats

  • This quiz has been taken 1,131 times
  • The average score is 24 of 100

Answer Stats

RankGame% Correct
73Final Fantasy
86%
11Final Fantasy VII
78%
1Final Fantasy VI (III)
77%
5Final Fantasy IV (II)
74%
64Final Fantasy X
73%
88Final Fantasy IX
72%
97Final Fantasy VIII
72%
7The Elder Scrolls V: Skyrim
71%
22The Elder Scrolls IV: Oblivion
62%
32The Elder Scrolls III: Morrowind
55%
2Chrono Trigger
53%
34Fallout
52%
28Fallout 2
49%
10Fallout 3
49%
8World of Warcraft
48%
9Mass Effect
42%
29Dragon Warrior
41%
89Fallout: New Vegas
41%
16Diablo
39%
57Mass Effect 2
39%
21Super Mario RPG: Legend of the Seven Stars
37%
6Diablo II
36%
4Pokémon Red / Blue
36%
49Dragon Quest V
35%
24Baldur's Gate
33%
61Chrono Cross
33%
18Dark Souls
33%
92Diablo III
33%
27Dragon Quest VIII
33%
81Dragon Warrior VII
33%
78The Witcher 2: Assassins of Kings
32%
83Fire Emblem (GBA)
31%
17EarthBound
29%
14Final Fantasy Tactics
29%
12Star Wars: Knights of the Old Republic
29%
3Baldur's Gate II: Shadows of Amn
28%
15Secret of Mana
28%
69Shin Megami Tensei: Persona 3
28%
90Shin Megami Tensei: Persona 4
28%
84Kingdom Hearts
27%
68Kingdom Hearts II
24%
41Xenoblade Chronicles
23%
35Pokémon Black / White
22%
47Xenogears
21%
25Deus Ex
19%
96Phantasy Star
19%
85Breath of Fire III
16%
50Golden Sun
16%
38Phantasy Star II
16%
44Suikoden II
16%
77Tales of Symphonia
16%
91Fable II
15%
31Neverwinter Nights
15%
59Phantasy Star IV: The End of the Millennium
15%
13Planescape: Torment
14%
20EverQuest
13%
65Paper Mario: The Thousand Year Door
13%
70Demon's Souls
12%
95The Legend of Dragoon
12%
26Ultima IV: Quest of the Avatar
12%
67Final Fantasy Tactics Advance
11%
63Skies of Arcadia
11%
53Ultima VII: The Black Gate
11%
51Wild Arms
11%
87Lufia II: Rise of the Sinistrals
10%
54Neverwinter Nights 2
10%
23Phantasy Star Online
10%
72Grandia II
9%
76Illusion of Gaia
9%
30Jade Empire
9%
42Lunar: Silver Star Story
9%
94Vagrant Story
9%
37Guild Wars
8%
36Shining Force II
8%
19System Shock 2
8%
43Valkyria Chronicles
8%
45Disgaea
7%
99Lunar: Eternal Blue
7%
82Might and Magic VI: The Mandate of Heaven
7%
55Monster Hunter Tri
7%
40Ogre Battle: The March of the Black Queen
7%
56Tactics Ogre: Let Us Cling Together
7%
93Tales of Phantasia
7%
33Ultima Online
7%
100Ys Book I & II
7%
66Mario & Luigi: Partners in Time
6%
48Tales of Destiny
6%
71The Bard's Tale
6%
60EVE Online
5%
79Icewind Dale 2
5%
98Shadow Hearts: Covenant
5%
86Shadowrun
5%
62The World Ends With You
5%
75Front Mission 3
4%
52Odin Sphere
4%
39Ultima Underworld: The Stygian Abyss
4%
80Dungeon Master
3%
46Pool of Radiance
3%
74Wizardry 8
3%
58Freedom Force
2%

Score Distribution

Percentile by Number Answered

Percent of People with Each Score

Your Score History

You have not taken this quiz